000 00890nmm a2200289 a 4500
003 AR-BaBNM
005 20251128203009.0
008 227019s1988 ||||||||||||||000 | spa||
020 _a950-9874-01-9
040 _cAR-BaBNM
100 1 _aAlzola Zárate, José Daniel
245 1 0 _aCrónica universitaria de Buenos Aires
_banécdotas, incidentes, centros estudiantiles, diversiones : 1821-1900
250 _a1ª ed.
260 _aBuenos Aires
_bOcruxaves
_c1988
300 _a197 p.
650 4 _aHISTORIA DE LA EDUCACION
650 4 _aUNIVERSIDADES
650 4 _aORGANIZACION DE LA EDUCACION
650 4 _aUNIVERSIDADES E INSTITUTOS DE ENSENANZA SUPERIOR
650 4 _aORGANIZACIONES DE ESTUDIANTES
651 4 _aArgentina
653 _aREFORMA UNIVERSITARIA
653 _aEDUCACION SUPERIOR
700 1 _aCastellán, Angel
_eprologuista
942 _cBK
998 _cSILVI
999 _c1437
_d1437